Quick Pick: Double Media Quiz Stats

 Plays Quiz Updated Feb 2, 2018

Challenge
Share
Tweet
Embed
Score 0/10 Timer 01:30
0 Plays Today
% Correct
Mario Kart: Double Dash
89%
Double Dare
76.8%
Double Trouble
71.6%
Double Indemnity
69.8%
Double Vision
68%
Double Dragon
63.9%
Double, Double, Toil and Trouble
56.2%
Double Cross
52.3%
The Double
49.8%
Double Team
42.7%

Today's Daily Dose

You're not logged in!

Compare scores with friends on all Sporcle quizzes.
OR
Log In

You Might Also Like...

Show Comments

Extras

Top Quizzes Today


Score Distribution

Your Account Isn't Verified!

In order to create a playlist on Sporcle, you need to verify the email address you used during registration. Go to your Sporcle Settings to finish the process.

Report this User

Report this user for behavior that violates our Community Guidelines.

Details: